J. Cole - Top 25 najczęściej odtwarzanych piosenek - Statystyki

Ogólne statystyki
  • Ten quiz został rozwiązany 11 razy
  • Średni wynik to 16 z 25
Statystyki odpowiedzi
Hint Odpowiedź % Poprawnych
2014 Forest Hills Drive No Role Modelz
100%
2014 Forest Hills Drive Wet Dreamz
100%
2014 Forest Hills Drive Love Yourz
89%
Born Sinner She Knows
89%
Cole World: The Sideline Story Work Out
89%
KOD ATM
78%
4 Your Eyez Only Change
78%
2014 Forest Hills Drive G.O.M.D
78%
KOD Kevin's Heart
78%
KOD KOD
78%
The Off-Season m y . l i f e
78%
Born Sinner Power Trip
78%
Revenge Of The Dreamers III Under The Sun
78%
2014 Forest Hills Drive Apparently
67%
Revenge Of The Dreamers III MIDDLE CHILD
67%
The Off-Season a m a r i
56%
4 Your Eyez Only Deja Vu
56%
4 Your Eyez Only Immortal
56%
4 Your Eyez Only Neighbors
56%
2014 Forest Hills Drive A Tale Of 2 Citiez
44%
2014 Forest Hills Drive Fire Squad
44%
Cole World: The Sideline Story In The Morning
33%
Cole World: The Sideline Story Can't Get Enough
22%
Born Sinner Crooked Smile
11%
The Off-Season p r i d e . i s . a . d e v i l
11%
Nie znaleziono quizów pasujących do podanych kryteriów
Rozkład punktacji
Procent ludzi z każdym wynikiem
Percentyl według liczby udzielonych odpowiedzi
Twoja historia wyników
Nie rozwiązałeś tego quizu